Ku Klux Klan : America's first terrorists exposed : the rebirth of the strange society of blood and death /

Bibliographic Details
Other Authors: O'Donnell, Patrick
Format: Book
Language:English
Published: ©2006
Series:Shadow history of the United States ; v. 1.
Subjects:

MARC

Tag First Indicator Second Indicator Subfields
LEADER 00000cam a2200000Ia 4500
001 in00002724021
005 20151202144836.0
008 070510s2006 njua 000 0 eng d
020 |a 1419649787 
020 |a 9781419649783 (pbk.) 
035 |a (OCoLC)ocn124093496 
035 |a (OCoLC)124093496 
040 |a IMD  |c IMD  |d BAKER  |d B2A  |d VND  |d BKX  |d UtOrBLW 
043 |a n-us--- 
049 |a TXAM 
050 1 4 |a HS2330.K63  |b K79 2006 
082 0 4 |a 322.4/2/0973  |2 23 
245 0 0 |a Ku Klux Klan :  |b America's first terrorists exposed : the rebirth of the strange society of blood and death /  |c [edited and designed by Patrick O'Donnell]. 
264 0 |a West Orange, N.J. :  |b Idea Men Productions,  |c [2006] 
264 4 |c ©2006 
300 |a xvii, 313 pages :  |b illustrations ;  |c 23 cm. 
336 |a text  |b txt  |2 rdacontent 
337 |a unmediated  |b n  |2 rdamedia 
338 |a volume  |b nc  |2 rdacarrier 
490 1 |a Shadow history of the United States ;  |v v. 1 
610 2 0 |a Ku Klux Klan (19th century) 
610 2 0 |a Ku Klux Klan (1915- ) 
650 0 |a Racism  |z United States  |x History. 
651 0 |a United States  |x Race relations. 
700 1 |a O'Donnell, Patrick. 
830 0 |a Shadow history of the United States ;  |v v. 1. 
948 |a cataloged  |b h  |c 2011/12/16  |d c  |e rrojas  |f 5:45 pm 
994 |a C0  |b TXA 
999 |a MARS 
999 f f |s 7643a8b1-e4c2-3983-acb3-51dcd951a0c7  |i d1a8d38f-6990-31f0-a67e-9a50bfadd8d8  |t 0 
952 f f |p normal  |a Texas A&M University  |b College Station  |c Sterling C. Evans Library  |d Evans: Library Stacks  |t 0  |e HS2330.K63 K79 2006  |h Library of Congress classification  |i unmediated -- volume  |m A14841323430 
998 f f |a HS2330.K63 K79 2006  |t 0  |l Evans: Library Stacks